Language Quiz

Random Language or Typing Quiz

Get Me a Homophone, Stat! Quiz Stats

 Plays Quiz Updated May 13, 2018

Score 0/20 Timer 03:00
3 Plays Today
Sentence Homophone % Correct
I'm pretty sure an octagon has ate sides.Eight
97.7%
Ah, the final peace of the jigsaw.Piece
97.4%
The rivalry between them was nothing knew.New
97.4%
This place is filthy! Where is the made?Maid
97.3%
It's a rather pail color for a bucket, don't you think?Pale
97.2%
The convent near the village was second to nun.None
97.2%
The keen scholar red many a book.Read
97.2%
There was a pressing knead for more bakeries.Need
97.1%
The son was partly obscured by the clouds.Sun
96.9%
The main of a lion is quite a sight.Mane
96.7%
Sentence Homophone % Correct
Oh no, those Killer Wales are onto us!Whales
96.6%
May the King have a long and happy rain.Reign
96.6%
I ode him a great deal of money for his published poems.Owed
96.4%
He sang until he was horse.Hoarse
95.6%
It was almost two much to bear.Too
95.4%
Apparently I've been invited to a 'Bridle Shower'.Bridal
95%
She tried to mussel her way into the seafood restaurant.Muscle
94.9%
When they signal you, that's your queue to go.Cue
92.7%
This styling moose is something else!Mousse
91.4%
It was an emotional wedding: even the cake was in tears.Tiers
86.8%

You're not logged in!

Compare scores with friends on all Sporcle quizzes.
OR
Log In

Sporcle TV

Today on Sporcle TV


Watch our educational content, quiz creation guides, and fun videos on Sporcle TV.

Show Comments

Extras

Top Quizzes Today


Score Distribution

Your Account Isn't Verified!

In order to create a playlist on Sporcle, you need to verify the email address you used during registration. Go to your Sporcle Settings to finish the process.

Report this User

Report this user for behavior that violates our Community Guidelines.

Details: